000
00280nam a2200133Ia 4500
100
_a
Westing/ Fine
942
_c
BK
654
_a
management
245
_a
Purchasing Management
260
_b
WILEY EASTERN LIMITED
_c
2001
082
_a
658.7
300
_a
538
546
_a
ENGLISH
999
_c
35404
_d
35404